LEADER 01052nam a2200265 u 4500 001 000000047411 003 CaOOAMICUS 005 20070226114900.0 008 990930s1976 fr u000 u fre u 035 $a10833450 040 $aEFR$bita$dPUL(R) 100 1 $aVignaux, Paul,$d1904-1987.$0(OLS)http://pul/name/1571 245 10$aDe Saint Anselme à Luther /$cpar Paul Vignaux. 260 $aParis :$bVrin,$c1976. 300 $a491 p. ;$c25 cm 490 1 $aEtudes de philosophie médiévale.$aHors Série 504 $aBibliographie: p. [481]-489. 650 0$aPhilosophy, Medieval.$2//eng$0(OLS)http://pul/subject/345 830 0$aEtudes de philosophie médiévale.$pHors Série.$0(OLS)http://pul/title/22177 850 $aPUL 852 $aPUL$W1$xSL Filosofia 1$y2$m97 C 5$j63360$nBK-PRI$b $qStampati$B63360$CPULBib$Z2$F63360 $H $81 941 1 $a8 961 $aINV: 43028 996 $6245$aDe Saint Anselme à Luther$9(OLS)http://pul/title/63824 996 $6260$aParis :$bVrin$9(OLS)http://pul/publisher/50780 LEADER 01456nam a2200301 u 4500 001 000000029543 003 CaOOAMICUS 005 20070226111928.0 008 970411s1997 it u000 u eng u 020 $a8890013834 035 $a10758603 040 $aEFR$bita 100 1 $aDronke, Peter.$0(OLS)http://pul/name/15797 240 10$aGruppi, scelte$9(Dronke, Peter).$0(OLS)http://pul/title/40454 245 10$aSources of inspiration :$bstudies in Literary trasformations, 400-1500 /$cPeter Dronke. 260 $aRoma :$bEdizioni di Storia e Letteratura,$c1997. 300 $a409 p. ;$c25 cm 490 1 $aStoria e letteratura ;$v196 500 $aDans la préface " ... a year or so ago, Maddalena De Luca asked me for a further volume of collected essays for the "Storia e Letteratura" series ... ". 500 $aIndex: p. [398]-409. 504 $aBibliographie en note. 830 0$aStoria e letteratura (Edizioni di storia e letteratura) ;$v196.$0(OLS)http://pul/title/1028 850 $aPUL 852 $aPUL$W1$xDP1 Cons. Gen., Altre Classi 1$y22$m1039 G 1.196$j179816$nBK-PRI$b $qStampati$B40920$CPULBib$Z2$F40920 $H100633 $81 941 1 $a8 996 $6020$a8890013834$9(OLS)http://pul/number/36988 996 $6245$aSources of inspiration :$bstudies in Literary trasformations, 400-1500$9(OLS)http://pul/title/40455 996 $6260$aRoma :$bEdizioni di Storia e Letteratura$9(OLS)http://pul/publisher/48123 LEADER 02195nam a2200385 a 4500 001 000000178569 003 CaOOAMICUS 005 20260310135224.0 008 260310s2025 vc frm z001 0 ita r 020 $a978-88-465-1336-6* 032 $aLibriCat 040 $aPUL$bita 082 04$a240 100 1 $aDiana, Giorgio,$csacerdote,$d1991-,$eautore dissertazione.$0(OLS)http://pul/name/113291 245 12$aL'originarietà del bene e la radicalità del male :$buno studio intorno ai contributi di Paul Ricoeur e Tommaso D?Aquino /$cGiorgio Diana. 260 $aCittà del Vaticano :$bLateran University Press ;$aCittà del Vaticano :$bLibreria editrice vaticana ;$aRoma :$bEditiones Academiae Alfonsianae,$c2025. 300 $a424 pagine ;$c24 cm 490 1 $aTesi Accademia Alfonsiana ;$v10 502 $aTesi di Dottorato--Pontificia Università Lateranense--Accademia Alfonsiana--Roma, 2023. 504 $aBibliografia in nota e a p. [415]-424. 710 2 $aAccademia Alfonsiana. Istituto superiore di Teologia morale.$kTesi.$0(OLS)http://pul/name/81838 830 0$aTesi Accademia Alfonsiana ;$v10.$0(OLS)http://pul/title/156464 850 $aPUL 852 $aPUL$W1$xSL Religione 3$y85$m240 COLL 1.10$j202357$qDDC 21$B207711$CPULBib$Z2$F207711 $H138491 $82 910 $aPontificia Università Lateranense. $bAccademia Alfonsiana$981838 910 $aIstituto superiore di Teologia morale. Accademia Alfonsiana$981838 910 $aAcademia Alfonsiana. Institutum superius theologiae moralis$981838 941 1 $a9 996 $6020$a978-88-465-1336-6*$9(OLS)http://pul/number/170891 996 $6082$a240$9(OLS)http://pul/classification/586 996 $6245$aL'originarietà del bene e la radicalità del male :$buno studio intorno ai contributi di Paul Ricoeur e Tommaso D?Aquino$9(OLS)http://pul/title/217841 996 $6260$aCittà del Vaticano :$bLateran University Press$9(OLS)http://pul/publisher/74585 996 $6260$aCittà del Vaticano :$bLibreria editrice vaticana$9(OLS)http://pul/publisher/47920 996 $6260$aRoma :$bEditiones Academiae Alfonsianae$9(OLS)http://pul/publisher/82247